[Event "AUTO-OPEN-955"]
[Site "http://www.queenalice.com/game.php?id=330013"]
[Date "2008.1.3"]
[Round "1"]
[White "Natan"]
[Black "umdoistresredondoredondo"]
[Result "0-1"]
[WhiteElo "1446"]
[BlackElo "1825"]

1. Nc3 e5 2. Nf3 Nc6 3. g4 d5 4. e4 d4 5. Nd5 Be6 6. c4 Bxg4 7. b4 Nxb4 8. Qa4+
Nc6 9. Rg1 Bxf3 10. Rxg7 Bxg7 11. d3 Nf6 12. Rb1 O-O 13. Rxb7 Nxd5 14. exd5 Ne7
15. Ba3 Rb8 16. Bxe7 Qxe7 17. Qxa7 Rxb7 18. Qxb7 Qa3 19. Bh3 Qc1# 0-1

[Event "AUTO-OPEN-955"]
[Site "http://www.queenalice.com/game.php?id=330014"]
[Date "2008.1.3"]
[Round "1"]
[White "umdoistresredondoredondo"]
[Black "Natan"]
[Result "1-0"]
[WhiteElo "1885"]
[BlackElo "1429"]

1. e4 Nc6 2. Bc4 Nf6 3. d3 d5 4. exd5 Nxd5 5. Qh5 e6 6. Bg5 Be7 7. Bxe7 Ncxe7 8.
Qg4 g6 9. Qd4 O-O 10. Nf3 f5 11. O-O Nc6 12. Qc5 b6 13. Qa3 Ncb4 14. Nd4 c5 15.
Bxd5 Qxd5 16. c3 Ba6 17. Nxf5 Rxf5 18. cxb4 cxb4 19. Qxa6 Qc5 20. a3 Qa5 21. Qb7
Rd8 22. Qe7 Qc5 23. Qxd8+ Rf8 24. axb4 Rxd8 25. bxc5 bxc5 26. Rxa7 Rxd3 27. Nc3
e5 28. Rd1 Rd4 29. Rxd4 cxd4 30. Ne4 h5 31. b4 d3 32. b5 g5 33. b6 d2 34. Nxd2
1-0

[Event "AUTO-BEG-126"]
[Site "http://www.queenalice.com/game.php?id=330271"]
[Date "2008.1.3"]
[Round "2"]
[White "Natan"]
[Black "tayron"]
[Result "0-1"]
[WhiteElo "1393"]
[BlackElo "1583"]

1. e4 c5 2. c4 e6 3. d3 Nc6 4. a4 d6 5. b3 Nf6 6. Nf3 Be7 7. Bf4 O-O 8. Nc3 Qa5
9. Qd2 Bd7 10. Ng5 h6 11. Nf3 Nd4 12. Nxd4 cxd4 13. Nb5 Qxd2+ 14. Bxd2 Bxb5 15.
cxb5 Rac8 16. Bb4 Rc7 17. Be2 Rfc8 0-1

[Event "AUTO-BEG-126"]
[Site "http://www.queenalice.com/game.php?id=330272"]
[Date "2008.1.3"]
[Round "2"]
[White "tayron"]
[Black "Natan"]
[Result "1-0"]
[WhiteElo "1574"]
[BlackElo "1402"]

1. d4 Nf6 2. c4 d6 3. Nc3 Bg4 4. f3 Bf5 5. e4 Bg6 6. Bd3 Nc6 7. Nge2 e6 8. O-O
b6 9. Qa4 Qd7 10. Bg5 Bh5 11. Bxf6 gxf6 12. d5 Ne5 13. Qxd7+ Kxd7 14. Bc2 c5 15.
b3 exd5 16. cxd5 Bh6 17. Rad1 Be3+ 18. Kh1 Rhg8 19. Ng3 1-0

[Event "Challenge"]
[Site "http://www.queenalice.com/game.php?id=375141"]
[Date "2008.3.22"]
[Round "-"]
[White "Rapha66"]
[Black "Natan"]
[Result "1-0"]
[WhiteElo "1773"]
[BlackElo "1416"]

1. e4 e5 2. Bc4 Nf6 3. d3 b6 4. Bg5 Bb7 5. Qf3 c5 6. Bxf6 Qxf6 7. Qxf6 gxf6 8.
Nf3 d6 9. Nc3 Nc6 10. Nd5 Kd7 11. Nxf6+ Ke7 12. Nd5+ Kd7 13. Ng5 Nd4 14. O-O-O
Bxd5 15. Bxd5 Rb8 16. Nxf7 Rg8 17. Nxe5+ Ke7 18. Bxg8 1-0

[Event "AUTO-INT-842"]
[Site "http://www.queenalice.com/game.php?id=375198"]
[Date "2008.3.22"]
[Round "1"]
[White "rgoncalves"]
[Black "Natan"]
[Result "1-0"]
[WhiteElo "1592"]
[BlackElo "1376"]

1. e4 e5 2. Nc3 c5 3. Nf3 d6 4. Be2 Nc6 5. b3 Be6 6. d3 Nf6 7. O-O Ng4 8. h3 Nf6
9. Bg5 a5 10. Bxf6 Qxf6 11. Nb5 Ra6 12. Nc7+ Kd7 13. Nxa6 1-0

[Event "AUTO-INT-842"]
[Site "http://www.queenalice.com/game.php?id=375199"]
[Date "2008.3.22"]
[Round "1"]
[White "Natan"]
[Black "rgoncalves"]
[Result "0-1"]
[WhiteElo "1369"]
[BlackElo "1599"]

1. e4 e5 2. d3 d6 3. Be3 b6 4. c4 c5 5. Qb3 Bd7 6. Nc3 g6 7. Nf3 Bg7 8. Ng5 f6
9. Nf3 Nc6 10. a4 Nge7 11. Nb5 Na5 12. Qc3 Nec6 0-1

[Event "AUTO-INT-842"]
[Site "http://www.queenalice.com/game.php?id=375214"]
[Date "2008.3.22"]
[Round "1"]
[White "coffeesean"]
[Black "Natan"]
[Result "1-0"]
[WhiteElo "1405"]
[BlackElo "1361"]

1. e4 e5 2. Nf3 f6 3. Bc4 d6 4. d4 Bg4 5. d5 Nd7 6. h3 Bxf3 7. Qxf3 Qe7 8. g4 g5
9. h4 gxh4 10. Rxh4 O-O-O 11. Nc3 f5 12. g5 fxe4 13. Qxe4 Nc5 14. Qf5+ Nd7 15.
Nb5 h6 16. Nxa7+ Kb8 17. Nc6+ 1-0

[Event "AUTO-INT-842"]
[Site "http://www.queenalice.com/game.php?id=375215"]
[Date "2008.3.22"]
[Round "1"]
[White "Natan"]
[Black "coffeesean"]
[Result "0-1"]
[WhiteElo "1347"]
[BlackElo "1419"]

1. e4 g6 2. b3 Bg7 3. Nc3 d6 4. d4 e5 5. Nf3 h6 6. Bb5+ Bd7 7. dxe5 Bxb5 8. Nxb5
Bxe5 9. O-O Nf6 10. Nxe5 O-O 11. Bxh6 Re8 12. Bf4 Nxe4 13. Qd5 dxe5 14. Qxb7
exf4 15. Qxa8 Nd2 16. Rfd1 Re2 0-1

[Event "AUTO-OPEN-1065"]
[Site "http://www.queenalice.com/game.php?id=375491"]
[Date "2008.3.23"]
[Round "1"]
[White "chapichapo"]
[Black "Natan"]
[Result "1-0"]
[WhiteElo "1694"]
[BlackElo "1421"]

1. e4 Nc6 2. Nf3 Nf6 3. Nc3 e5 4. Bc4 d6 5. d3 Be7 6. Nd5 O-O 7. Nxe7+ Qxe7 8.
b3 Nb4 9. Ba3 c5 10. c3 a5 11. Bxb4 axb4 12. cxb4 cxb4 13. O-O Bd7 14. Ng5 b5
15. Bxf7+ Rxf7 16. Nxf7 Qxf7 17. Qc2 1-0

[Event "AUTO-OPEN-1065"]
[Site "http://www.queenalice.com/game.php?id=375492"]
[Date "2008.3.23"]
[Round "1"]
[White "Natan"]
[Black "chapichapo"]
[Result "0-1"]
[WhiteElo "1427"]
[BlackElo "1688"]

1. e4 e5 2. b3 Bc5 3. Bb2 Qf6 4. f3 Nc6 5. c4 Nd4 6. Nc3 c6 7. Na4 d6 8. Bc3 a6
9. Nxc5 dxc5 10. Bxd4 cxd4 11. d3 Ne7 12. a4 c5 13. g4 Ng6 14. a5 Qh4+ 15. Ke2
Nf4+ 16. Kd2 Qf2+ 0-1

[Event "AUTO-OPEN-1065"]
[Site "http://www.queenalice.com/game.php?id=375517"]
[Date "2008.3.23"]
[Round "1"]
[White "Natan"]
[Black "kinguly"]
[Result "0-1"]
[WhiteElo "1385"]
[BlackElo "1641"]

1. g3 e5 2. Bg2 Bc5 3. Nc3 Nf6 4. d3 c6 5. Bg5 h6 6. Bxf6 Qxf6 7. Nf3 d5 8. e4
Bb4 9. exd5 cxd5 10. Nd2 Bc5 11. f3 Be6 0-1

[Event "AUTO-OPEN-1065"]
[Site "http://www.queenalice.com/game.php?id=375518"]
[Date "2008.3.23"]
[Round "1"]
[White "kinguly"]
[Black "Natan"]
[Result "1-0"]
[WhiteElo "1634"]
[BlackElo "1385"]

1. e4 e5 2. Bc4 c6 3. Nf3 Bc5 4. d3 b5 5. Bb3 a5 6. a4 Ba6 7. Nxe5 d6 8. Nxf7
Qe7 9. Nxh8 Qh4 10. O-O bxa4 11. Rxa4 Bb4 12. Bxg8 d5 13. exd5 1-0